00355nam a22001337a 450000500170000000800410001704100130005808200140007110000230008524500340010826000090014230000440015165000260019520231101080638.0231101b |||||||| |||| 00| 0 eng d aEnglish  a346.7 MAK aFaris, VlEnglish  aMaking More Money /cV Faris  c2002 b46 pages ; c30 cm.e2 Soft Copy Books  aLegal practice bLaw